000 00687nam a22002057a 4500
999 _c18258
_d18258
003 AR-CdUCM
008 190307b ||||| |||| 00| 0 spa d
040 _aMUNICIPALIDAD PROVINCIAL DEL CUSCO
_cBIBLIOTECA MUNICIPAL DEL CUSCO
082 _a869.234 /
_bC24
100 _aCampo, Estanislao del
_912169
245 _aFausto /
260 _aBuenos Aires :
_bTor,
_c1945.
300 _a189 páginas ;
_c17cm
505 _aContenido: Poemas cultos -- Poemas festivos -- Poemas gauchescos -- Sonetos...
650 _aPoesía argentina
_91657
650 _aPoesía costumbrista (gauchos)
_912170
650 _aLiteratura argentina
_984
942 _2ddc
_cLIBROS
945 _aacv
_d2019-03-13